000
00359nam a22001217a 4500
003
SGT
082
_a
920
_b
N97R
100
_a
राय, मान्धाता
245
_a
निवेदिता
260
_b
स्वामी सहजानंद सरस्वती स्मृति केंद्र
_c
1997
300
_a
407
942
_2
ddc
_c
BK
999
_c
31974
_d
31974